000 00693nam a22002417a 4500
999 _c316899
_d316899
001 30487
003 UA-OsUOA
005 20200126213902.0
007 ta
008 20041110b un ||||| |||| 00| 0 ukr d
040 _aUA-OsUOA
_bukr
_cUA-OsUOA
_dUA-OsUOA
041 _aukr
044 _aUA
080 _a82.09(477)
090 _a82.09(477)
_bГ82
100 _aГрицюта М. С.
245 _aСелянство в українській дожовтневій літературі
_cМ. С. Грицюта ; ред. Н. Л. Калениченко
260 _aКиїв
_bНаукова думка
_c1979
300 _a316 с.
650 7 _2UDC
942 _cBK
_2udc
955 _a0